000 003480000a22000970004500
090 _aAS
_bSeriadas
245 1 0 _aEstudios botánicos en la Guayana colombiana, 2. notas sobre sida serrata willd
041 0 _aEspañol
942 _cARTICULO
773 1 _tRevista de la Academia Colombiana de Ciencias Exactas, Fisicas y Naturales
_332
_h70
_q305-309
_d1992
_g18
999 _c14131
_d14131